Pacem in Terris: paz fundada sobre la verdad, la justicia y el amor

Gorde:
Xehetasun bibliografikoak
Egile nagusia: Juan XXIII (Egilea)
Formatua: Liburua
Hizkuntza:gaztelania
Argitaratua: Santiago Paulinas 1963
Saila:Magisterium
Gaiak:
Etiketak: Etiketa erantsi
Etiketarik gabe, Izan zaitez lehena erregistro honi etiketa jartzen!

MARC

LEADER 00000cam a2200000 a 4500
001 UCW6957
003 CL-VaPUC
008 920723e19630000CL |||||||||||||||||spa|d
082 0 4 |a 262.91  |b JUA  |2 21 
100 0 |a Juan XXIII  |e author  |9 312048 
245 1 0 |a Pacem in Terris: paz fundada sobre la verdad, la justicia y el amor 
300 |a 60 p 
942 |c BK 
945 |d 19920723 00:00:00 
260 |a Santiago  |b Paulinas  |c 1963 
650 0 |a Encíclicas  |9 255643 
650 0 |a Paz  |9 259242 
583 |a last modification  |c 20160725 01:44:35  |k Rodrigo Vera 
490 0 |a Magisterium 
999 |c 219852  |d 219850 
952 |0 0  |1 0  |2 ddc  |4 0  |6 262_910000000000000_JUA_1963  |7 0  |8 A  |9 211294  |a BIBDER  |b BIBDER  |d 2019-11-15  |i 1809091  |o 262.91 JUA 1963  |p 1809091  |r 2023-01-25  |w 2019-11-15  |y MX  |k DER 
952 |0 0  |1 0  |3 erb  |4 0  |6 262_910000000000000_JUA_1963  |7 0  |8 A  |9 211295  |a BIBTEO  |b BIBTEO  |e Familia Cárdenas Lailhacar  |i 5317029  |o 262.91 JUA 1963  |p 5317029  |r 2025-01-17  |w 2019-11-15  |y BK  |z Catalogado en:20160731  |k ICR